PAGET'S LAW OF BANKING (Record no. 216292)

MARC details
000 -LEADER
fixed length control field 00439nam a22001697a 4500
008 - FIXED-LENGTH DATA ELEMENTS--GENERAL INFORMATION
fixed length control field 251126b |||||||| |||| 00| 0 eng d
020 ## - INTERNATIONAL STANDARD BOOK NUMBER
International Standard Book Number 978-81-8038-159-1
100 ## - MAIN ENTRY--PERSONAL NAME
Personal name HAPGOOD, MARK
245 ## - TITLE STATEMENT
Title PAGET'S LAW OF BANKING
250 ## - EDITION STATEMENT
Edition statement 13TH ED.
260 ## - PUBLICATION, DISTRIBUTION, ETC.
Place of publication, distribution, etc. LONDON
Name of publisher, distributor, etc. LEXISNEXIS BUTTERWORTHS
Date of publication, distribution, etc. 2007
300 ## - PHYSICAL DESCRIPTION
Extent C, 973P.
500 ## - GENERAL NOTE
General note INCLUDES INDEX
650 ## - SUBJECT ADDED ENTRY
Topical term or geographic name entry element BANKING LAW - ENGLAND
942 ## - ADDED ENTRY ELEMENTS (KOHA)
Source of classification or shelving scheme Library of Congress Classification
Koha item type Long Loan Book
Holdings
Withdrawn status Lost status Source of classification or shelving scheme Damaged status Not for loan Collection Home library Current library Shelving location Date acquired Inventory number Total checkouts Barcode Date last seen Copy number Price effective from Koha item type
    Library of Congress Classification     Law Kisii University Library Kisii University Library On Display 11/26/2025 110159   000000002854 11/26/2025 C.1 11/26/2025 Long Loan Book
    Library of Congress Classification     Law Kisii University Library Kisii University Library On Display 11/26/2025 110160   000000002998 11/26/2025 C.2 11/26/2025 Long Loan Book
    Library of Congress Classification     Law Kisii University Library Kisii University Library On Display 11/26/2025 110161   000000002997 11/26/2025 C.3 11/26/2025 Long Loan Book